zpět

Detail výsledku týmu

Bowling pub, Vyškov

Datum a čas kvízu

34 Celkem bodů Celkový počet nahraných bodů na tomto kvízu bez doplňovacích otázek.
2. Pořadí na kvízu Konečné umístění týmu na tomto kvízu.

Zaznamenané odpovědi

# Otázka Odpověď Body Výsledky
1. Středočeská obec Mirošovice po... Předčasně zveřejnila výsledky. 1
2. Na výročí Světového dne metrol... Max Planck 1
3. Zlínský filmový festival minul... kybernetický útok 0
4. Rakouský nábytkářský řetězec X... Kika 0
5. V pondělí nás opustil Niki Lau... Ferrari, McLaren 1
6. Jakou barvu má pruh, který je... černou 1
7. Kolik vodorovných pruhů tvoří... čtyři 0.5
8. Na thajské vlajce nenajdeme pr... C 1
9. Jakou barvu má prostřední pruh... zelenou 1
10. Který z pruhů na vlajce Maďars... A 0